Pays qui battent Singapour - Statistiques

Statistiques générales
  • Ce quiz a été pris 99 fois
    67 depuis la dernière actualisation
  • Le résultat moyen est 11 sur 18
Statistiques - réponses
Rang Catégorie Réponses possibles % Correct
9 Pays où la vie est la plus chère Suisse | Norvège | Islande | Japon | Danemark | Bahamas | Luxembourg | Israël
97%
8 Drapeau avec le plus de blanc Chypre | Japon | Corée du Sud | Géorgie | Israël | Finlande | Uruguay
91%
6 Meilleur pays où naître (selon le Where to Be Born Index) Suisse | Australie | Norvège | Suède | Danemark
90%
3 Plus petite cité-État au monde Cité du Vatican | Monaco
88%
5 PIB par habitant le plus élevé Monaco | Luxembourg | Liechtenstein | Qatar
88%
4 Pays d'Asie avec le passeport permettant de visiter le plus de pays sans visa Émirats arabes unis | Corée du Sud | Japon
81%
5 Plus de dépenses militaires par habitant Qatar | Israël | États-Unis | Koweït
78%
6 Plus petit pays commençant par S Saint-Marin | Saint-Christophe-et-Niévès | Saint-Vincent-et-les Grenadines | Seychelles | Sainte-Lucie
78%
9 Température moyenne annuelle la plus élevée en Asie Maldives | Koweït | Qatar | Sri Lanka | Brunei | Cambodge | Bahreïn | Émirats arabes unis
76%
2 Plus densément peuplé Monaco
74%
5 Précipitations moyennes annuelles les plus élevées en Asie Malaisie | Brunei | Indonésie | Bangladesh
72%
5 (ex-æquo) Plus de langues officielles Bolivie | Zimbabwe | Afrique du Sud | Éthiopie
53%
4 (ex-æquo) Moins corrompu Danemark | Finlande | Nouvelle-Zélande
45%
2 Plus petit en Asie Maldives
31%
3 Taux de fécondité le plus faible Taïwan | Corée du Sud
31%
2 Espérance de vie la plus élevée Monaco
29%
2 IDH (Indice de Développement Humain) le plus élevé en-dehors d'Europe Australie
24%
2 Plus faible taux de mortalité infantile Slovénie
2%
Aucun quiz correspondant
Distribution des résultats
% des personnes avec chaque résultat
Percentile par nombre de réponses
Votre historique - résultats
Vous n’avez pas pris ce quiz depuis la dernière actualisation